000
00313nam a22001457a 4500
020
_a
978-1-60346-880-0
082
_a
823
_b
MAC/B
100
_a
MACAW BOOKS
245
_a
BEAUTY AND THE BEAST
250
_a
2
260
_a
US
_b
MACAW BOOKS
_c
2012
300
_a
32
650
_a
ENGLISH SHORT STORY
_z
US
942
_c
BK
999
_c
3583
_d
3583